| 000 | 00384 a2200145 4500 | ||
|---|---|---|---|
| 001 | 170184 | ||
| 020 | _a | ||
| 040 | _cMagnum | ||
| 100 | _aAgencia Regional de Noticias | ||
| 240 | 1 | 0 |
_aClipping em educacao - 11/09/00 a 17/09/00 - ano ii - nº 56 _lpor |
| 245 | 1 | 0 | _aClipping em educacao - 11/09/00 a 17/09/00 - ano ii - nº 56 |
| 362 | 0 | _a1899 | |
| 697 | _aENSINO | ||
| 942 | _cBK | ||
| 999 |
_c170184 _d170184 |
||